Ministres de l'intérieur - présidence d'Emmanuel Macron - Statistiques

Statistiques générales
  • Ce quiz a été pris 19 fois
  • Le résultat moyen est 8 sur 11
Statistiques - réponses
Date de Passage Gouvernement Ministre titulaire % Correct
2020-2022 Castex Gérald Darmanin
100%
2022-2024 Borne Gérald Darmanin
100%
2024 Attal Gérald Darmanin
100%
2024 Barnier Bruno Retailleau
94%
2024-2025 Bayrou Bruno Retailleau
94%
2025 Lecornu I Bruno Retailleau
94%
2018-2020 Philippe II Christophe Castaner
71%
2025-2026 Lecornu II Laurent Nunez
71%
2017 Philippe I Gérard Collomb
47%
2017-2018 Philippe II Gérard Collomb
47%
2018 Philippe II Édouard Philippe
18%
Aucun quiz correspondant
Distribution des résultats
% des personnes avec chaque résultat
Percentile par nombre de réponses
Votre historique - résultats
Vous n’avez pas pris ce quiz